Getting HiP (Record no. 75060)

MARC details
000 -LEADER
fixed length control field 01350cab a2200181 4500
001 - CONTROL NUMBER
control field L129316
008 - FIXED-LENGTH DATA ELEMENTS--GENERAL INFORMATION
fixed length control field 050412n2005 000 0 eng u
035 ## - SYSTEM CONTROL NUMBER
System control number (Sirsi) u129316
041 ## - LANGUAGE CODE
Language code of text/sound track or separate title eng
100 ## - MAIN ENTRY--PERSONAL NAME
Personal name Towler, Andrew
245 ## - TITLE STATEMENT
Title Getting HiP
260 ## - PUBLICATION, DISTRIBUTION, ETC.
Date of publication, distribution, etc. 2005
490 ## - SERIES STATEMENT
Series statement Solicitors' Journal
Volume/sequential designation 149(11) 18 March 2005, 310-313(2)
520 ## - SUMMARY, ETC.
Summary, etc. Suggests that the production of home condition reports as part of the new Home Information Pack (HIP) regime, which becomes compulsory in 2007, may offer those solicitors prepared to embrace the new conveyancing environment more business opportunities. The Law Society had campaigned against the compulsory introduction of HIPs for a number of reasons including the fear that solicitor's business could be carried out by others such as surveyors or estate agents. Discusses the establishment of the Home Information Pack Action Group to link high street solicitors to estate agents to produce HIPs.Looks at the impact of HIPs on the conveyancing industry as well as the activities of the new breed of search companies that can act as one stop shops for lawyers seeking property information. Provides website links for the main search companies.
590 ## - LOCAL NOTE (RLIN)
Local note IKA150405
690 ## - LOCAL SUBJECT ADDED ENTRY--TOPICAL TERM (OCLC, RLIN)
Topical term or geographic name as entry element PROPERTY-RESIDENTIAL PROPERTY-ACQUISITION AND DISPOSAL OF RESIDENTIAL PROPERTY-HOME BUYING REFORM
942 ## - ADDED ENTRY ELEMENTS (KOHA)
Suppress in OPAC 0
Holdings
Withdrawn status Lost status Source of classification or shelving scheme Damaged status Not for loan Home library Current library Shelving location Date acquired Total Checkouts Full call number Barcode Date last seen Copy number Price effective from Koha item type
    Dewey Decimal Classification     London London Journal article 12/04/2005   L129316 129316-1001 06/08/2019 1 06/08/2019 Journal article